Modeling, design, and optimization of net-zero energy buildings / (Record no. 354635)
[ view plain ]
| 000 -LEADER | |
|---|---|
| fixed length control field | 02143cam a2200505 i 4500 |
| 001 - CONTROL NUMBER | |
| control field | 18646547 |
| 003 - CONTROL NUMBER IDENTIFIER | |
| control field | Nust- CAS-E |
| 005 - DATE AND TIME OF LATEST TRANSACTION | |
| control field | 20180118164229.0 |
| 008 - FIXED-LENGTH DATA ELEMENTS--GENERAL INFORMATION | |
| fixed length control field | 150529s2015 gw a b 001 0 eng |
| 010 ## - LIBRARY OF CONGRESS CONTROL NUMBER | |
| LC control number | 2015398909 |
| 020 ## - INTERNATIONAL STANDARD BOOK NUMBER | |
| International Standard Book Number | 9783433030837 (hd. bd. : alk. paper) |
| 020 ## - INTERNATIONAL STANDARD BOOK NUMBER | |
| Canceled/invalid ISBN | 9783433604656 (online) |
| 020 ## - INTERNATIONAL STANDARD BOOK NUMBER | |
| Canceled/invalid ISBN | 9783433604656 (online) |
| 020 ## - INTERNATIONAL STANDARD BOOK NUMBER | |
| Canceled/invalid ISBN | 9783433604632 (online) |
| 020 ## - INTERNATIONAL STANDARD BOOK NUMBER | |
| Canceled/invalid ISBN | 9783433604649 (online) |
| 035 ## - SYSTEM CONTROL NUMBER | |
| System control number | (GyWOH)har135027209 |
| 040 ## - CATALOGING SOURCE | |
| Original cataloging agency | DLC |
| Language of cataloging | eng |
| Transcribing agency | DLC |
| Description conventions | rda |
| 042 ## - AUTHENTICATION CODE | |
| Authentication code | pcc |
| 050 00 - LIBRARY OF CONGRESS CALL NUMBER | |
| Classification number | TJ163.5.B84 |
| Item number | M64 2015 |
| 082 00 - DEWEY DECIMAL CLASSIFICATION NUMBER | |
| Classification number | 720/.472 |
| Edition number | 23 |
| Author Mark | MOD 2015 |
| 245 00 - TITLE STATEMENT | |
| Title | Modeling, design, and optimization of net-zero energy buildings / |
| Statement of responsibility, etc. | edited by Andreas Athienitis, William O'Brien. |
| 300 ## - PHYSICAL DESCRIPTION | |
| Extent | xxi, 374 pages : |
| Other physical details | many illustrations (partly color) ; |
| Dimensions | 25 cm. |
| 490 0# - SERIES STATEMENT | |
| Series statement | Solar heating and cooling |
| 502 ## - DISSERTATION NOTE | |
| Dissertation note | 0 |
| 504 ## - BIBLIOGRAPHY, ETC. NOTE | |
| Bibliography, etc. note | Includes bibliographical references and index. |
| 650 #0 - SUBJECT ADDED ENTRY--TOPICAL TERM | |
| Topical term or geographic name entry element | Buildings |
| General subdivision | Energy conservation. |
| 650 #0 - SUBJECT ADDED ENTRY--TOPICAL TERM | |
| Topical term or geographic name entry element | Buildings |
| General subdivision | Energy conservation |
| -- | Mathematical models. |
| 650 #0 - SUBJECT ADDED ENTRY--TOPICAL TERM | |
| Topical term or geographic name entry element | Buildings |
| General subdivision | Environmental engineering. |
| 650 #0 - SUBJECT ADDED ENTRY--TOPICAL TERM | |
| Topical term or geographic name entry element | Buildings |
| General subdivision | Environmental engineering |
| -- | Mathematical models. |
| 700 1# - ADDED ENTRY--PERSONAL NAME | |
| Personal name | Athienitis, Andreas K., |
| Dates associated with a name | 1957- |
| Relator term | editor. |
| 700 1# - ADDED ENTRY--PERSONAL NAME | |
| Personal name | O'Brien, Liam |
| Fuller form of name | (William), |
| Relator term | editor. |
| 776 0# - ADDITIONAL PHYSICAL FORM ENTRY | |
| International Standard Book Number | 9783433604656 (online) |
| 776 0# - ADDITIONAL PHYSICAL FORM ENTRY | |
| Record control number | (GyWOH)har150090922 |
| 776 0# - ADDITIONAL PHYSICAL FORM ENTRY | |
| International Standard Book Number | 9783433604656 (online) |
| 776 0# - ADDITIONAL PHYSICAL FORM ENTRY | |
| Record control number | (GyWOH)har150164988 |
| 776 0# - ADDITIONAL PHYSICAL FORM ENTRY | |
| International Standard Book Number | 9783433604632 (online) |
| 776 0# - ADDITIONAL PHYSICAL FORM ENTRY | |
| Record control number | (GyWOH)har155004217 |
| 776 0# - ADDITIONAL PHYSICAL FORM ENTRY | |
| International Standard Book Number | 9783433604649 (online) |
| 776 0# - ADDITIONAL PHYSICAL FORM ENTRY | |
| Record control number | (GyWOH)har155004218 |
| 906 ## - LOCAL DATA ELEMENT F, LDF (RLIN) | |
| a | 7 |
| b | cbc |
| c | origres |
| d | 2 |
| e | ncip |
| f | 20 |
| g | y-gencatlg |
| 942 ## - ADDED ENTRY ELEMENTS (KOHA) | |
| Source of classification or shelving scheme | |
| Koha item type | Book |
| Withdrawn status | Lost status | Source of classification or shelving scheme | Damaged status | Not for loan | Permanent Location | Current Location | Date acquired | Total Checkouts | Full call number | Barcode | Date last seen | Price effective from | Koha item type |
|---|---|---|---|---|---|---|---|---|---|---|---|---|---|
| School of Civil and Environmental Engineering (SCEE) | School of Civil and Environmental Engineering (SCEE) | 01/16/2020 | 720.472 MOD | NIT-13072 | 01/16/2020 | 01/16/2020 | Book |
